| 000 | 01212cam a2200313 i 4500 | ||
|---|---|---|---|
| 999 |
_c68110 _d68110 |
||
| 001 | 26243 | ||
| 003 | Mx-PuUPA | ||
| 005 | 20191008162949.0 | ||
| 008 | 140415s2005 gw r 000 0 ger d | ||
| 020 | _a3451273802 | ||
| 040 |
_aMx-PuUPA _bspa _cMx-PuUPA _dMx-PuUPA _erda |
||
| 041 | 0 | _ager | |
| 245 | 0 | 0 |
_aEdith Stein. _n10. _pPotenz und akt : studien zu einer philosophie des seins / _cHans Rainer Sepp, editor ; Hanna-Barbara Gerl-Falkovitz, colaborador ; Internationales Edith Stein Institut |
| 246 | 3 | 1 | _aEdith Stein Gesamtausgabe. ESGA |
| 264 | 4 |
_aFreiburg im breisgau : _bVerlag Herder GmbH, _c©2005 |
|
| 300 |
_axxxvii, 279 páginas ; _c22 cm. |
||
| 336 |
_2rdacontent _atexto _btxt |
||
| 337 |
_2rdamedia _asin medio _bn |
||
| 338 |
_2rdacarrier _avolumen _bnc |
||
| 490 | 0 | _aB. Philosophische Schriften | |
| 490 | 0 |
_aPhänomenologie und Ontologie (1926-1937) ; _v2 |
|
| 600 | 1 | 4 |
_aEdith Stein, -- Santa, _d1891-1942 _xOntología |
| 700 | 1 |
_aSepp, Hans Rainer, _eeditor |
|
| 700 | 1 |
_aGerl-Falkovitz, Hanna-Barbara, _ecolaborador |
|
| 710 | 2 | _aInternationales Edith Stein Institut | |
| 942 |
_2ddc _cLI _h271.971022 _iE234 |
||